000 00472nam a2200169 a 4500
001 6553
003 CO-ViMGA
008 141112s2004 ck r 000 u spa d
040 _aCO-ViMGA
_bspa
_cCO-ViMGA
082 0 4 _a649.1 B734
100 1 _aBreinholst, Willi
_95400
245 1 0 _aMirá mamá, mirá papá memorias de mis primeros años
260 _aBuenos Aires :
_bEmece,
_c1992
300 _a111 p : il
650 1 4 _aNIÑOS - CUIDADO E HIGIENE
_98073
942 _2ddc
_cBK
999 _c18523
_d18523